Normal view
MARC view
Entry Personal Name
001 - CONTROL NUMBER
- control field: 3684
003 - CONTROL NUMBER IDENTIFIER
- control field: BD-RjUL
005 - DATE AND TIME OF LATEST TRANSACTION
- control field: 20220616183957.0
008 - FIXED-LENGTH DATA ELEMENTS
- fixed length control field: 220616|| aca||aabn | a|a d
040 ## - CATALOGING SOURCE
- Original cataloging agency: BD-RjUL
- Transcribing agency: BD-RjUL
100 ## - HEADING--PERSONAL NAME
- Personal name: Rahman, Md. Arifur, Co-Supervisor
670 ## - SOURCE DATA FOUND
- Source citation: Work cat.: (BD-RjUL)79981: Yeasmin, Farida 3681, Effect of Sulpher, Boron and Irrigation on Growth,Yield and Quality of Mustard :, 2015